000 00622nam a2200277Ia 4500
005 20260324134339.0
008 008 260324s9999 xx 000 0 eng d
020 _a9781315375588
037 _aEBOOK
040 _aCRL
040 _beng
040 _cCRL
041 _2eng
041 _aeng
084 _qCRL
100 _aPaul Lambden
_91196470
245 0 _aDental Law and Ethics
260 _bTaylor and Francis
260 _c2002
365 _a
365 _b325
856 _uhttp://www.taylorfrancis.com/books/9781315375588
942 _cEBOOK
999 _c1796483
_d1796483